|
|
|
|
| LEADER |
00000nam2a2200000 4500 |
| 001 |
251508 |
| 005 |
20231101232649.0 |
| 010 |
|
|
|b 25500 экз.
|
| 035 |
|
|
|a (RuTPU)RU\TPU\book\273808
|
| 090 |
|
|
|a 251508
|
| 100 |
|
|
|a 20140221d1941 m y0rusy50 ca
|
| 101 |
0 |
|
|a rus
|
| 102 |
|
|
|a RU
|
| 105 |
|
|
|a af z 001zy
|
| 200 |
0 |
|
|a Т. 5 : Млекопитающие
|f под ред. проф. Б. М. Житкова ; переработал проф. М. А. Гремяцкий
|
| 210 |
|
|
|d 1941
|
| 215 |
|
|
|a 771 с.
|c ил., цв. ил.
|
| 300 |
|
|
|a Подписано к печати 30.12.1940 г.
|
| 320 |
|
|
|a Алфавитный указатель русских названий: с. 753-760
|
| 320 |
|
|
|a Алфавитный указатель латинских названий: с. 761-766
|
| 320 |
|
|
|a Список многокрасочных рисунков и меццо-тинто: с. 767-769.
|
| 461 |
|
1 |
|0 (RuTPU)RU\TPU\book\273795
|t Жизнь животных
|o в 5-ти тт.
|f А. Э. Брем
|g под общей ред. академика А. Н. Северцова
|v Т. 5 : Млекопитающие
|d 1937-1948
|
| 610 |
1 |
|
|a зоология
|
| 610 |
1 |
|
|a млекопитающие
|
| 675 |
|
|
|a 599
|v 3
|
| 702 |
|
1 |
|a Житков
|b Б. М.
|c российский биолог
|c профессор Московского университета (1919-1943)
|f 1872-1943
|g Борис Михайлович
|2 stltpush
|3 (RuTPU)RU\TPU\pers\23746
|4 340
|9 10427
|
| 702 |
|
1 |
|a Гремяцкий
|b М. А.
|4 080
|
| 801 |
|
1 |
|a RU
|b 63413507
|c 20140221
|
| 801 |
|
2 |
|a RU
|b 63413507
|c 20221121
|g RCR
|
| 942 |
|
|
|c BK
|